عرض عادي
عرض مارك
- Smith, B. W.
مدخل إسم شخص
001 - رقم الضبط
- حقل الضبط: 12111
003 - معرف رقم الضبط
- حقل الضبط: OSt
005 - تاريخ ووقت أخر عملية
- حقل الضبط: 20120428025659.0
008 - عناصر بيانات ثابتة الطول
- حقل تحكم ثابت الطول: 120428|||a|||||| | ||| d
040 ## - مصدر الفهرسة
- هيئة الفهرسة الأصلية: OSt
- وكالة الكتابة: OSt
100 ## - مدخل -- أسم شخص
- إسم شخص: Smith, B. W.
- الشكل الكامل للاسم: (Brian Ward),
- تواريخ مرتبطة بالاسم: 1937-
670 ## - بيانات المصدر موجوده
- الاستشهاد بالمصدر: Work cat.: (OSt)24058: Smith, B. W. (Brian Ward), 1937-, Communication structures /, 2007.
